|
|
|
|
| LEADER |
00000cam a2200000 a 4500 |
| 001 |
vtls010313336 |
| 003 |
SK-MaSNL |
| 005 |
20260301032052.0 |
| 008 |
240318s2011 xo boa 001 0 slo |
| 015 |
|
|
|a SNBA2012/02-00702
|
| 020 |
|
|
|a 9788055125978
|q (viaz.)
|
| 040 |
|
|
|a SNK
|b slo
|c SNK
|e AACR2
|
| 041 |
1 |
|
|a slo
|h ger
|
| 044 |
|
|
|a xo
|c SK
|
| 072 |
|
7 |
|a 2
|x Náboženstvo
|2 konspekt
|
| 072 |
|
7 |
|a 930.85
|x Dejiny civilizácie. Kultúrne dejiny
|2 konspekt
|
| 080 |
|
|
|a 21/29-027.543
|2 2001
|
| 080 |
|
|
|a 2-522/-523
|2 2001
|
| 080 |
|
|
|a 2-523.3
|2 2001
|
| 080 |
|
|
|a 72:904
|2 2001
|
| 080 |
|
|
|a 902:904
|2 2001
|
| 080 |
|
|
|a (084.11)
|2 2001
|
| 080 |
|
|
|a 903.6
|2 2001
|
| 100 |
1 |
|
|a Bedürftig, Friedemann,
|d 1940-
|4 aut
|9 328708
|
| 240 |
1 |
0 |
|a Bildatlas Pilgerstätten und heilige Orte.
|l Slovensky
|
| 245 |
1 |
0 |
|a Pútnické a posvätné miesta
|b obrazový atlas : [svetové náboženstvá a ich duchovné miesta]
|c Friedemann Bedürftig ; [z nemeckého originálu preložila Judita Melcerová]
|
| 250 |
|
|
|a [1. vyd.]
|
| 260 |
|
|
|a Bratislava
|b Ikar
|c 2011
|
| 300 |
|
|
|a 304 s.
|b fareb. ilustr., fotogr., mp.
|c 29 cm
|
| 504 |
|
|
|a Reg.
|
| 650 |
0 |
7 |
|a svetové náboženstvá
|2 SNKPH
|9 66254
|
| 650 |
0 |
7 |
|a Religions
|2 SNKPHeng
|9 277824
|
| 650 |
0 |
7 |
|a pútnické miesta
|2 SNKPH
|9 3031
|
| 650 |
0 |
7 |
|a posvätné miesta
|2 SNKPH
|9 83573
|
| 650 |
0 |
7 |
|a svätyne
|2 SNKPH
|9 75112
|
| 650 |
0 |
7 |
|a architektonické pamiatky
|2 SNKPH
|9 28990
|
| 650 |
0 |
7 |
|a megalitické pamiatky
|2 SNKPH
|9 2521
|
| 650 |
0 |
7 |
|a archeologické pamiatky
|2 SNKPH
|9 31774
|
| 650 |
0 |
7 |
|a Archaeological monuments
|2 SNKPHeng
|9 268283
|
| 650 |
0 |
7 |
|a Christian pilgrims and pilgrimages
|2 SNKPHeng
|9 281826
|
| 650 |
0 |
7 |
|a Holy places
|2 SNKPHeng
|9 328709
|
| 650 |
0 |
7 |
|a Shrines
|2 SNKPHeng
|9 328710
|
| 650 |
0 |
7 |
|a Megalithic monuments
|2 SNKPHeng
|9 328711
|
| 655 |
|
7 |
|a obrazové publikácie
|2 SNKPH
|9 70343
|
| 655 |
|
7 |
|a Pictorial works
|2 SNKPHeng
|9 284468
|
| 700 |
1 |
|
|a Melcerová, Judita
|4 trl
|9 63302
|
| 852 |
|
|
|a Štátna vedecká knižnica v Banskej Bystrici
|
| 919 |
|
|
|a 978-80-551-2597-8
|
| 958 |
|
|
|a OP
|
| 958 |
|
|
|a NT
|
| 968 |
|
|
|b DT
|d 2
|
| 999 |
|
|
|c 577774
|d 579704
|
| 952 |
|
|
|a SNK
|b SNK
|y PREZ
|7 0
|p 17A0795653
|o snkSB 82179
|i snk2011/23898
|8 0
|0 0
|1 0
|4 0
|d 2011-12-05
|l 0
|r 2025-05-06 00:00:00
|w 2026-02-23
|
| 952 |
|
|
|a SNK
|b SNK
|y VYP
|7 0
|p 17A0795652
|o snkSB 82179 D1
|i snk2011/23899
|8 0
|0 0
|1 0
|4 0
|d 2011-12-05
|l 0
|r 2016-06-30 00:00:00
|w 2026-02-23
|